Finančná analýza - praktická aplikácia v potravinárskom podniku

Saved in:
Bibliographic Details
Main Author: Kukla, Pavol (Author)
Format: Manuscript Book
Published: Bratislava : STU v Bratislave FCHPT, 2003
Edition:Obháj.: 4.6.2003
Tags: Add Tag
No Tags, Be the first to tag this record!

MARC

LEADER 00000ntm a22000003a 4500
001 stu80944
005 20150617225640.1
008 030612s2003----xo----------------------d
040 |a STU  |b slo 
041 0
044 |a xo 
100 1 |a Kukla, Pavol  |4 aut 
245 1 |a Finančná analýza - praktická aplikácia v potravinárskom podniku 
250 |a Obháj.: 4.6.2003 
260 |a Bratislava :  |b STU v Bratislave FCHPT,  |c 2003 
300 |a 68 s. Tab.,grafy,lit 
500 |a Odbor: Manažment chemických a potravinárskych podnikov 
996 |b 284C030145  |c C*D13888  |l CCI  |s A  |a 24  |w stu80944_0001